000 00621nam a2200229 a 4500
999 _c412
_d412
001 412
003 BD-JhCC
005 20171004190943.0
008 171004s1965 uka|||| |||| 001 0 eng d
035 _a(BD-JhCC)412
040 _aBD-JhCC
_dBD-JhCC
041 _aeng
082 _a570.1
_bGRO 1965
100 _aGrobstein, Clifford
245 _aThe strategy of life /
_cClifford Grobstein
260 _aSan Francisco,
_aLondon :
_bW. H. Freeman and Company,
_c1965.
300 _aviii, 118 p. :
_bill. ;
_c22 cm.
504 _aIncludes Index.
650 _aLife (Biology).
942 _2ddc
_cBK